Normal view
MARC view
Entry Topical Term
001 - CONTROL NUMBER
- control field: 22258
003 - CONTROL NUMBER IDENTIFIER
- control field: ARRUPE
005 - DATE AND TIME OF LATEST TRANSACTION
- control field: 20160211090054.0
008 - FIXED-LENGTH DATA ELEMENTS
- fixed length control field: 160211|| aca||aabn | a|a d
040 ## - CATALOGING SOURCE
- Original cataloging agency: ARRUPE
- Transcribing agency: ARRUPE
150 ## - HEADING--TOPICAL TERM
- Topical term or geographic name as entry element: Sotho language
- General subdivision: Dictionaries
- General subdivision: English
670 ## - SOURCE DATA FOUND
- Source citation: Work cat.: (ARRUPE)60459: Worija, Sesuto Book Depos 22257, English--Sotho Sotho--English